003380000a22001090004500090001700000245007400017041001400091100003200105942001300137773006100150999001700211 aASbSeriadas10aTipos de Melastomataceas de Triana en el herbario nacional colombiano0 aEspañol1 aUribe Uribe, Lorenzo996776 cARTICULO1 tMutisia: Acta Botánica Colombiana3893h39q1-12d1976 c15318d15318